Statistics for Country Node Quiz

Click here to take the quiz!

General Stats

  • This quiz has been taken 21 times
  • The average score is 5 of 6

Answer Stats

Answer% Correct
Fiji
100%
Mauritius
94%
Mauritania
88%
Georgia
81%
Namibia
81%
Argentina
56%

Score Distribution

Percentile by Number Answered

Percent of People with Each Score

Your Score History

You have not taken this quiz